[Event "Tourn. n9571"]
[Site "www.chess-mail.com"]
[Date "2017.12.22"]
[Round "1"]
[White "Llcervello"]
[Black "Libiesse"]
[WhiteElo "1640"]
[BlackElo "1820"]
[Result "0-1"]
[Round "1"]
1.e4 c5
2.f3 e6
3.c4 Nb8c6
4.a3 Bf8e7
5.d3 Ng8f6
6.Ng1e2 O-O
7.Ne2c3 a6
8.Bf1e2 d6
9.O-O Bc8d7
10.Bc1g5 h6
11.Bg5xf6 Be7xf6
12.f4 Qd8c7
13.Qd1b3 b6
14.Nb1d2 Ra8b8
15.Qb3a4 Nc6d4
16.Qa4xa6 Rb8a8
17.Qa6xa8 Rf8xa8
18.a4 Nd4xe2
19.Nc3xe2 Bf6xb2
20.Ra1a2 Bb2f6
21.Rf1c1 Ra8xa4
22.Rc1c2 Ra4xa2
23.Rc2xa2 Qc7b7
24.g3 h5
25.h3 b5
26.Nd2b3 bxc4
27.dxc4 Qb7xb3
28.Ra2a8 Kh7
29.Ra8a7 Qb3d1
30.Kf2 Bf6d4
31.Ne2xd4 Qd1xd4
32.Kf3 Bd7c6
33.g4 Qd4xe4
34.Kg3 Qe4f3
35.Kh4 Qf3f2
36.Kxh5 Qf2xf4
37.Ra7a3 Qf4h6
{ resign }
0-1

[Event "Tourn. n9588"]
[Site "www.chess-mail.com"]
[Date "2017.12.22"]
[Round "1"]
[White "Jjmcbride"]
[Black "Julian"]
[WhiteElo "1610"]
[BlackElo "1560"]
[Result "0-1"]
[Round "1"]
1.e4 e5
2.Ng1e2 Ng8f6
3.d3 d5
4.exd5 c6
5.d4 e4
6.dxc6 Nb8xc6
7.Nb1c3 Bc8g4
8.Bc1e3 Bf8b4
9.Qd1d2 O-O
10.h3 Bg4h5
11.g4 Bh5g6
12.Ne2g3 Nf6d5
13.Ng3e2 Nd5xe3
14.Qd2xe3 Rf8e8
15.h4 h5
16.O-O-O Qd8f6
17.Nc3d5 Qf6d6
18.Nd5f4 Ra8d8
19.gxh5 Bg6f5
20.Rh1g1 Qd6c7
 { time }
0-1

[Event "Tourn. n9599"]
[Site "www.chess-mail.com"]
[Date "2017.12.22"]
[Round "1"]
[White "Apdash"]
[Black "Vios"]
[WhiteElo "2280"]
[BlackElo "2170"]
[Result "0-1"]
[Round "1"]
1.e4 c6
2.d4 d5
3.e5 c5
4.dxc5 e6
5.Bc1e3 Qd8a5
6.c3 Qa5c7
7.Be3d4 Bf8xc5
8.Bf1b5 Bc8d7
9.Bb5xd7 Nb8xd7
10.Ng1f3 Ng8e7
11.Nb1d2 Ne7g6
12.Qd1e2 O-O
13.O-O b6
14.Ra1c1 Ra8c8
15.Nd2b3 a5
16.a4 Bc5e7
17.g3 Nd7c5
18.Bd4xc5 bxc5
19.Nb3d2 c4
20.b3 cxb3
21.Nd2xb3 Qc7c4
22.Qe2xc4 Rc8xc4
23.Nb3xa5 Rc4xa4
24.Na5c6 Rf8c8
25.Nc6xe7 Ng6xe7
26.Rc1c2 h6
27.Rf1c1 Ne7c6
28.Kf1 g5
29.h3 Kg7
30.c4 Nc6b4
31.c5 Nb4xc2
32.Rc1xc2 Ra4c4
33.Rc2a2 Rc8xc5
34.g4 Kg6
35.Kg2 h5
36.gxh5 Kxh5
37.Ra2a8 Rc5c8
38.Ra8a7 Kg6
39.Kg3 Rc4e4
40.Ra7d7 Rc8c3
41.Kg2 Rc3c2
42.Rd7d8 Re4e2
43.Rd8g8 Kh6
44.Rg8h8 Kg7
{ resign }
0-1

[Event "Tourn. n9571"]
[Site "www.chess-mail.com"]
[Date "2017.12.22"]
[Round "1"]
[White "Osopanda"]
[Black "Dussek"]
[WhiteElo "1620"]
[BlackElo "1820"]
[Result "1-0"]
[Round "1"]
1.Ng1f3 Ng8f6
2.g3 d5
3.d3 Nb8c6
4.Bf1g2 Bc8f5
5.Nb1d2 d4
6.O-O e5
7.e4 Bf5g6
8.Nf3h4 Qd8d7
9.f4 Bg6h5
10.Bg2f3 g6
11.Nd2c4 Nf6g4
12.f5 Bf8e7
13.Nh4g2 O-O-O
14.Bf3xg4 Bh5xg4
15.Qd1xg4 h5
16.Qg4f3 g5
17.f6 Be7c5
18.Bc1xg5 Rd8g8
19.h4 Bc5d6
20.Nc4xd6 cxd6
21.Qf3f5 Nc6b4
22.Rf1f2 Qd7xf5
23.Rf2xf5 Kd7
24.Rf5f2 Rg8c8
25.a3 Nb4xc2
26.Ra1c1 a5
27.Rf2xc2 b6
28.b4 a4
29.Rc2xc8 Rh8xc8
30.Rc1xc8 Kxc8
31.Kf2 Kd8
32.g4 hxg4
33.Kg3 Ke8
34.Kxg4 Kf8
35.h5 Kg8
36.Ng2h4 Kf8
37.Nh4f5 { resign }
1-0

[Event "Tourn. n9588"]
[Site "www.chess-mail.com"]
[Date "2017.12.22"]
[Round "1"]
[White "Pachi"]
[Black "Julian"]
[WhiteElo "1630"]
[BlackElo "1560"]
[Result "1-0"]
[Round "1"]
1.e4 e5
2.Ng1f3 Nb8c6
3.Bf1b5 d6
4.Bb5xc6 bxc6
5.O-O Ng8f6
6.d3 Bf8e7
7.Bc1g5 O-O
8.Bg5xf6 Be7xf6
9.c3 Bc8e6
10.Qd1a4 Qd8d7
11.h3 g5
12.b3 g4
13.hxg4 Be6xg4
14.Nf3d2 Bg4e2
15.Rf1e1 Be2xd3
16.Nb1a3 Qd7g4
17.Qa4xc6 Ra8b8
18.Qc6xc7 Rb8c8
19.Qc7xd6 Kg7
20.Qd6xd3 Rf8d8
21.Qd3f3 Qg4xf3
22.Nd2xf3 Rc8xc3
23.Re1e3 Rc3xe3
24.fxe3 Bf6e7
25.Na3b5 a6
26.Nb5c7 Rd8d3
27.Ra1e1 Be7c5
28.Nf3xe5 Rd3xe3
29.Kf1 { resign }
1-0

[Event "Tourn. n9629"]
[Site "www.chess-mail.com"]
[Date "2017.12.22"]
[Round "1"]
[White "Vios"]
[Black "Apdash"]
[WhiteElo "2230"]
[BlackElo "2250"]
[Result "1-0"]
[Round "1"]
1.e4 e6
2.d4 d5
3.Nb1c3 dxe4
4.Nc3xe4 Ng8f6
5.Ne4g3 c5
6.Ng1f3 Nb8c6
7.Bc1e3 cxd4
8.Nf3xd4 Bc8d7
9.Nd4xc6 bxc6
10.Bf1d3 Qd8c7
11.O-O Bf8e7
12.Rf1e1 O-O
13.Ng3h5 Rf8d8
14.Be3f4 Qc7a5
15.Nh5xg7 Kxg7
16.Bf4e5 Kf8
17.Qd1f3 Nf6e8
18.Bd3xh7 f6
19.Bh7g6 Kg7
20.Qf3h5 fxe5
21.Qh5h7 Kf6
22.Qh7f7 Kg5
23.h4 Kxh4
24.Qf7xe7 Kg4
25.Re1e4 { resign }
1-0

[Event "Tourn. n9669"]
[Site "www.chess-mail.com"]
[Date "2017.12.22"]
[Round "1"]
[White "Fantomas"]
[Black "Apdash"]
[WhiteElo "2210"]
[BlackElo "2280"]
[Result "1/2-1/2"]
[Round "1"]
1.e4 e5
2.Ng1f3 Nb8c6
3.d4 exd4
4.Nf3xd4 Nc6xd4
5.Qd1xd4 c5
6.Qd4d1 d6
7.c4 Bc8e6
8.Bf1e2 Qd8c7
9.O-O Ng8f6
10.Nb1c3 a6
11.b3 h5
12.Nc3d5 Be6xd5
13.exd5 Bf8e7
14.Bc1f4 Qc7d7
15.Qd1d3 h4
16.h3 Kf8
17.Be2f3 Nf6h7
18.Bf3g4 Qd7d8
19.Bf4h2 Nh7f6
20.Bg4e2 Qd8d7
21.Ra1e1 Ra8e8
22.Qd3c2 Nf6g8
23.Be2g4 Qd7d8
24.Qc2f5 Ng8h6
25.Qf5f3 Nh6xg4
26.Qf3xg4 Rh8h6
27.Bh2f4 Rh6g6
28.Qg4h5 Kg8
29.Re1e4 Be7f6
30.Rf1e1 Re8f8
31.Qh5e2 Bf6c3
32.Bf4d2 { draw }
1/2-1/2

[Event "Tourn. n9611"]
[Site "www.chess-mail.com"]
[Date "2017.12.22"]
[Round "1"]
[White "Julian"]
[Black "Begory"]
[WhiteElo "1630"]
[BlackElo "1520"]
[Result "1-0"]
[Round "1"]
1.e4 e5
2.Ng1f3 Nb8c6
3.Bf1b5 f6
4.d4 Nc6xd4
5.Nf3xd4 exd4
6.Qd1xd4 c6
7.Bb5e2 Bf8e7
8.O-O d5
9.Nb1c3 Qd8b6
10.Qd4xb6 axb6
11.exd5 cxd5
12.Nc3xd5 Be7c5
13.Nd5c7 Kd8
14.Nc7xa8 Ng8e7
15.Bc1e3 Bc5xe3
16.fxe3 b5
17.Na8b6 Bc8f5
18.Ra1d1 Ke8
19.Be2xb5 Kf7
20.Nb6d7 Bf5e6
21.e4 Ne7g6
22.e5 Be6xd7
23.Rd1xd7 { resign }
1-0

[Event "Tourn. n9584"]
[Site "www.chess-mail.com"]
[Date "2017.12.22"]
[Round "1"]
[White "Tartan"]
[Black "Tonino1"]
[WhiteElo "2560"]
[BlackElo "2340"]
[Result "1-0"]
[Round "1"]
1.d4 Ng8f6
2.c4 g6
3.Nb1c3 Bf8g7
4.e4 d6
5.Ng1f3 O-O
6.Bf1e2 c6
7.O-O Qd8c7
8.h3 e5
9.d5 c5
10.Nf3e1 a6
11.Bc1e3 Bc8d7
12.Qd1d2 Nf6e8
13.Ne1f3 Bg7h8
14.Ra1c1 Qc7a5
15.a3 b5
16.b4 cxb4
17.axb4 Qa5xb4
18.Rc1a1 bxc4
19.Rf1b1  { time }
1-0

[Event "Tourn. n9647"]
[Site "www.chess-mail.com"]
[Date "2017.12.22"]
[Round "1"]
[White "Bojan"]
[Black "Amaya"]
[WhiteElo "2030"]
[BlackElo "2130"]
[Result "0-1"]
[Round "1"]
1.e4 e6
2.d4 d5
3.exd5 exd5
4.c4 dxc4
5.Bf1xc4 Qd8e7
6.Ng1e2 Bc8g4
7.Bc1e3 Qe7b4
8.Nb1d2 Ng8f6
9.a3 Qb4a5
10.Qd1b3 Bg4xe2
11.Bc4xf7 Kd8
12.Kxe2 Bf8d6
13.Qb3xb7 Qa5a6
14.Qb7xa6 Nb8xa6
15.Bf7c4 Na6b8
16.Be3g5 Nb8d7
17.Kd3 Rh8e8
18.Nd2e4 Ra8b8
19.Ne4xd6 cxd6
20.b4 h6
21.Bg5f4 Nf6e4
22.Rh1f1 Nd7b6
23.Bf4xd6 Ne4xd6
24.Bc4b3 Rb8c8
25.f3 Nd6f5
26.Rf1e1 Kd7
27.Bb3f7 Re8e7
28.Bf7h5 Nb6d5
29.Bh5g4 g6
30.Bg4h3 Kd6
31.g4 Rc8c3
32.Kd2 Nf5xd4
33.Re1xe7 Kxe7
34.Bh3g2 Nd4b3
{ resign }
0-1

[Event "Tourn. n9641"]
[Site "www.chess-mail.com"]
[Date "2017.12.22"]
[Round "1"]
[White "Tevere"]
[Black "Aniruddhadg"]
[WhiteElo "2010"]
[BlackElo "1809"]
[Result "0-1"]
[Round "1"]
1.d4 Ng8f6
2.c4 g6
3.Nb1c3 d5
4.Qd1b3 dxc4
5.Qb3xc4 Bf8g7
6.Bc1f4 Nb8a6
7.Ng1f3 O-O
8.Bf4e5 c6
9.e4 Qd8a5
10.Qc4d3 Na6b4
11.Qd3b1 Nf6xe4
12.Be5xg7 Bc8f5
13.Nc3xe4 Nb4d3
14.Kd1 Nd3xf2
15.Ne4xf2 Bf5xb1
16.Bg7xf8 Qa5f5
17.Bf1d3 Bb1xd3
18.Kd2 Bd3a6
19.Bf8xe7 Qf5b5
20.Kc1 Qb5c4
21.Kb1 Ra8e8
22.Rh1e1 Re8xe7
23.Re1xe7 Qc4f1
24.Nf3e1 Kf8
25.Re7e5 Qf1xf2
26.Kc1 Qf2xd4
27.Ne1f3 Qd4f2
28.Kd1 Qf2xg2
29.Nf3d2 Ba6d3
30.Re5e1 Qg2g4
31.Kc1 Qg4g5
32.Re1h1 Qg5c5
33.Kd1 Qc5c2
34.Ke1 Qc2xb2
35.Ra1d1 Qb2d4
{ resign }
0-1

[Event "Tourn. n9630"]
[Site "www.chess-mail.com"]
[Date "2017.12.22"]
[Round "1"]
[White "Krystek23"]
[Black "Apdash"]
[WhiteElo "2470"]
[BlackElo "2250"]
[Result "1-0"]
[Round "1"]
1.c4 e5
2.Nb1c3 Ng8f6
3.Ng1f3 d6
4.d4 exd4
5.Nf3xd4 Bf8e7
6.e4 Nb8d7
7.Nd4f5 O-O
8.Bf1e2 Rf8e8
9.Nf5xe7 Re8xe7
10.f3 Nd7e5
11.b3 c6
12.O-O Qd8b6
13.Kh1 Qb6c7
14.Bc1a3 Nf6e8
15.f4 Ne5g6
16.e5 Re7d7
17.exd6 Ne8xd6
18.Qd1d4 Nd6f5
19.Qd4e4 Rd7d8
20.g4 Nf5d6
21.Qe4e3 f5
22.Ra1d1 fxg4
23.Ba3xd6 Rd8xd6
24.Qe3e8 Ng6f8
25.c5 Rd6f6
26.Rd1d8 g6
27.Nc3e4 Rf6xf4
28.Ne4f6 Rf4xf6
29.Rf1xf6 { resign }
1-0

[Event "Tourn. n9628"]
[Site "www.chess-mail.com"]
[Date "2017.12.22"]
[Round "1"]
[White "Andychesston"]
[Black "Vios"]
[WhiteElo "2000"]
[BlackElo "2230"]
[Result "1/2-1/2"]
[Round "1"]
1.e4 c6
2.d4 d5
3.Nb1c3 dxe4
4.Nc3xe4 Bc8f5
5.Ne4c5 e5
6.Ng1f3 Bf8xc5
7.dxc5 Qd8xd1
8.Kxd1 Nb8d7
9.b4 a5
10.c3 Ng8f6
11.Bc1g5 Nf6e4
12.Bg5h4 Ne4xc3
13.Kd2 axb4
14.Bf1c4 f6
15.Bh4g3 O-O-O
16.Nf3h4 Nd7xc5
17.Ke3 Bf5e6
18.Bc4xe6 Nc5xe6
19.f3 Ne6d4
20.Rh1c1 g5
{ draw }
1/2-1/2

[Event "Tourn. n9566"]
[Site "www.chess-mail.com"]
[Date "2017.12.22"]
[Round "1"]
[White "Panham"]
[Black "Tonino1"]
[WhiteElo "2260"]
[BlackElo "2280"]
[Result "1-0"]
[Round "1"]
1.e4 d6
2.d4 Ng8f6
3.Nb1c3 g6
4.Ng1f3 Bf8g7
5.Bf1e2 O-O
6.Bc1f4 c6
7.Qd1d2 Rf8e8
8.Bf4h6 Bg7h8
9.O-O Qd8c7
10.Nf3h4 e5
11.dxe5 dxe5
12.Ra1d1 Bc8e6
13.Qd2g5 Nb8d7
14.Qg5e3 Nf6g4
15.Be2xg4 Be6xg4
16.h3 Bg4xd1
17.Nc3xd1 Qc7b6
18.Qe3c1 Nd7c5
19.Rf1e1 Nc5e6
20.Bh6e3 Qb6d8
21.Nh4f3 Ne6d4
22.Nf3d2 Qd8c7
23.c3 Nd4e6
24.f3 Ra8d8
25.Nd2f1 Qc7a5
26.a3 Rd8d7
27.Nf1g3 h5
28.Nd1f2 Re8d8
29.h4 Ne6f4
30.Be3xf4 exf4
31.Qc1xf4 Rd7d2
32.Re1e2 Bh8e5
33.Qf4g5 Qa5b5
34.Re2xd2 Rd8xd2
35.Qg5xd2 Be5xg3
36.Qd2d8 Kh7
37.Nf2d3 Qb5b6
38.Qd8xb6 axb6
39.Kf1 Bg3xh4
40.Nd3e5 Kg7
41.Ne5c4 Bh4d8
42.Nc4d6 Kf8
43.b4 Ke7
44.Nd6xb7 Bd8c7
45.c4 Kd7
46.c5 b5
47.Ke2 f6
48.Kd3 Kc8
49.Nb7a5 Bc7xa5
50.bxa5 Kb7
51.Kd4 Ka6
52.e5 fxe5
53.Kxe5 Kxa5
54.Kd6  { time }
1-0

[Event "Match"]
[Site "www.echecsemail.com"]
[Date "2017.12.22"]
[Round "1"]
[White "Joseph1983"]
[Black "Apdash"]
[WhiteElo "2180"]
[BlackElo "2230"]
[Result "1-0"]
[Round "1"]
1.d4 Ng8f6
2.c4 g6
3.Nb1c3 Bf8g7
4.e4 d6
5.f3 a6
6.Bf1d3 e5
7.d5 c6
8.Bc1e3 cxd5
9.cxd5 O-O
10.Ng1e2 b5
11.O-O Nf6e8
12.Qd1d2 f5
13.Be3h6 Qd8h4
14.Bh6g5 Bg7h6
15.Bg5xh6 Qh4f6
16.Bh6xf8 Qf6xf8
17.Ra1c1 Bc8d7
18.f4 Qf8h6
19.Ne2g3 b4
20.Nc3e2 a5
21.exf5 Bd7xf5
22.Bd3xf5 gxf5
23.Ng3xf5 Qh6h5
24.fxe5 Nb8d7
25.exd6 Ne8f6
26.Nf5e7 Kf7
27.Rc1c7 Ra8a6
28.Rc7xd7 Ke8
29.Rd7c7 Ra6xd6
30.Ne2f4 Qh5g5
31.Qd2e2 Kd8
32.Rc7c8 Kd7
33.Nf4e6 Qg5h4
34.Ne6c5 
1-0

[Event "Match"]
[Site "www.echecsemail.com"]
[Date "2017.12.22"]
[Round "1"]
[White "Ditto"]
[Black "Tonino1"]
[WhiteElo "1910"]
[BlackElo "2170"]
[Result "1-0"]
[Round "1"]
1.d4 Ng8f6
2.c4 g6
3.Ng1f3 Bf8g7
4.Bc1g5 O-O
5.e3 d6
6.Bf1d3 c6
7.Nb1c3 Qd8c7
8.Bg5f4 Nb8d7
9.O-O e5
10.dxe5 dxe5
11.Bf4g3 Nf6h5
12.Bg3h4 f5
13.Nf3e1 e4
14.Bd3e2 Nh5f6
15.Qd1b3 Nd7c5
16.Qb3d1 a5
17.Bh4g3 Qc7e7
18.b3 Bc8e6
19.Bg3d6 Qe7d7
20.Bd6xc5 Rf8d8
21.Ne1c2 Qd7c7
22.Nc2d4 Be6f7
23.Nc3a4 Nf6d7
24.Bc5a3 Qc7e5
25.Ba3b2 Qe5c7
26.Ra1b1 Nd7e5
27.c5 Ra8a6
28.Be2xa6 bxa6
29.Rb1c1 Ne5d3
30.Rc1b1 Nd3xb2
31.Na4xb2 Qc7e5
32.Qd1e2 Qe5xc5
33.Rb1c1 Bg7xd4
34.Rc1xc5 Bd4xc5
35.Qe2xa6 Bc5b4
36.Qa6xc6 Rd8d2
37.Nb2c4 Rd2xa2
38.Rf1d1  { time }
1-0

[Event "Match"]
[Site "www.echecsemail.com"]
[Date "2017.12.22"]
[Round "1"]
[White "Gidi5"]
[Black "Chapi"]
[WhiteElo "2330"]
[BlackElo "2170"]
[Result "1-0"]
[Round "1"]
1.e4 c5
2.Ng1f3 Nb8c6
3.Bf1b5 g6
4.Bb5xc6 bxc6
5.d3 Bf8g7
6.O-O Ng8f6
7.h3 c4
8.e5 Nf6d5
9.dxc4 Nd5b6
10.Nb1d2 O-O
11.Qd1e2 Bc8a6
12.Rf1d1 Ra8b8
13.a4 d5
14.b3 e6
15.Bc1a3 Rf8e8
16.Qe2e3 Rb8b7
17.Nd2e4 Nb6c8
18.Ne4c5 Rb7b6
19.a5 Rb6b7
20.Nc5xa6 Bg7f8
21.Ba3xf8 Re8xf8
22.Na6c5 Rb7c7
23.Qe3h6 Qd8e7
24.Nf3g5 { resign }
1-0

[Event "Match"]
[Site "www.echecsemail.com"]
[Date "2017.12.22"]
[Round "1"]
[White "Gimmyg"]
[Black "Apdash"]
[WhiteElo "2520"]
[BlackElo "2270"]
[Result "1-0"]
[Round "1"]
1.Ng1f3 Ng8f6
2.d4 d5
3.e3 c5
4.c4 e6
5.cxd5 Nf6xd5
6.e4 Nd5f6
7.Nb1c3 cxd4
8.Nf3xd4 Bf8c5
9.Bc1e3 Bc5xd4
10.Qd1xd4 O-O
11.Ra1d1 Qd8a5
12.Qd4c5 Qa5xc5
13.Be3xc5 Rf8e8
14.Bf1e2 b6
15.Bc5e3 Bc8b7
16.f3 Nb8d7
17.Nc3b5 Re8f8
18.Nb5d6 Ra8b8
19.Rd1c1 Rf8d8
20.Rc1c7 Bb7a8
21.Rc7xa7 Nd7e5
22.Nd6c4 Ne5xc4
23.Be2xc4 b5
24.Bc4e2 b4
25.Kf2 h6
26.Be3f4 Rb8b7
27.Ra7xb7 Ba8xb7
28.Rh1c1 Nf6h5
29.Bf4e3 Rd8a8
30.Rc1c5 Nh5f6
31.Rc5b5 Bb7c6
32.Rb5xb4 Ra8xa2
33.Rb4b6 Bc6a4
34.Be2c4 Ra2a1
35.b3 Ba4d7
36.b4 Ra1a4
37.Rb6b8 Kh7
38.Be3d4 Nf6e8
39.e5 f5
40.f4 g5
41.Rb8b7 Kg6
42.Rb7xd7 Ra4xb4
43.Bc4xe6 Ne8g7
44.Be6f7 Kh7
45.e6 g4
46.e7 g3
47.Kxg3 h5
48.Bd4xg7 h4
49.Kxh4 Rb4b7
50.e8Q Rb7b8
51.Bf7g6 { resign }
1-0

[Event "1/64 Finale"]
[Site "www.chess-mail.com"]
[Date "2017.12.22"]
[Round "1"]
[White "Julian"]
[Black "Bojan"]
[WhiteElo "1510"]
[BlackElo "1940"]
[Result "1-0"]
[Round "1"]
1.Ng1f3 g6
2.g3 Bf8g7
3.Bf1g2 c6
4.e4 d6
5.d4 Bc8g4
6.Bc1e3 Ng8f6
7.Nb1d2 e5
8.dxe5 dxe5
9.O-O Nb8d7
10.h3 Bg4e6
11.c4 b6
12.b3 Nd7c5
13.Qd1c2 Qd8c7
14.Ra1d1 Nc5a6
15.Nf3g5 Be6d7
16.f4 exf4
17.Be3xf4 Qc7c8
18.Kh2 h6
19.Ng5f3 Nf6h5
20.Bf4d6 Bg7f6
21.e5 Bf6e7
22.Nd2e4 c5
23.Ne4f6 Nh5xf6
24.Bd6xe7 Nf6h7
25.Be7f6 Bd7f5
26.Qc2d2 Nh7xf6
27.exf6 Na6c7
28.Rf1e1 Bf5e6
29.Nf3e5 Ra8b8
30.Bg2c6 Kf8
31.Qd2d6 Kg8
32.Ne5d7 Rb8a8
33.Bc6xa8 Qc8xa8
34.Qd6xc7 Kh7
35.Re1xe6 Rh8c8
36.Nd7xb6 Rc8xc7
37.Nb6xa8 Rc7c8
38.Rd1d7 Rc8xa8
39.Rd7xf7 Kg8
40.Rf7g7 Kf8
41.Re6e7 { resign }
1-0

[Event "Tourn. n9583"]
[Site "www.chess-mail.com"]
[Date "2017.12.23"]
[Round "1"]
[White "Claymil"]
[Black "Prize64"]
[WhiteElo "2060"]
[BlackElo "1990"]
[Result "1-0"]
[Round "1"]
1.c4 Ng8f6
2.Nb1c3 g6
3.g3 Bf8g7
4.Bf1g2 O-O
5.e3 d6
6.Ng1e2 c5
7.O-O Nb8c6
8.a3 a6
9.b3 Ra8b8
10.Bc1b2 Bc8d7
11.d4 Qd8c8
12.Ne2f4 Bd7g4
13.f3 Bg4d7
14.Ra1b1 Nf6e8
15.d5 Nc6e5
16.Nc3e2 Ne8c7
17.Qd1d2 b5
18.Nf4d3 bxc4
19.Nd3xe5 dxe5
20.bxc4 Bd7h3
21.f4 Bh3xg2
22.Kxg2 exf4
23.Ne2xf4 Bg7xb2
24.Rb1xb2 Rb8xb2
25.Qd2xb2 Nc7e8
26.e4 Ne8d6
27.Qb2c2 Qc8c7
28.h4 Rf8b8
29.e5 Nd6f5
30.Qc2e4 Rb8b2
31.Rf1f2 Qc7b7
32.Nf4d3 Rb2xf2
33.Kxf2 Qb7b1
34.Nd3xc5 Qb1a2
35.Qe4e2 Qa2xa3
36.Nc5e4 Qa3a1
37.Ne4d2 Qa1d4
38.Kg2 Nf5e3
39.Kh2 Qd4xe5
40.Nd2f1 Ne3xf1
41.Qe2xf1 a5
42.Qf1d1 Qe5b2
43.Kh3 Qb2b4
44.Qd1c2 a4
45.c5 a3
46.c6 Qb4d6
47.Qc2a2 h5
48.Qa2c4 Qd6c7
49.Qc4a4 Qc7c8
50.Kg2 Qc8d8
51.Qa4c4 Qd8a5
52.c7 a2
53.c8Q Kh7
54.Qc4d4 f6
55.Qd4a1 Qa5d2
56.Kh3 Qd2xd5
57.Qc8c2 Qd5e6
58.Kh2 { resign }
1-0

[Event "Tourn. n9654"]
[Site "www.chess-mail.com"]
[Date "2017.12.23"]
[Round "1"]
[White "Apdash"]
[Black "Add"]
[WhiteElo "2240"]
[BlackElo "2160"]
[Result "1-0"]
[Round "1"]
1.e4 d5
2.exd5 Qd8xd5
3.Ng1f3 a6
4.Nb1c3 Qd5d8
5.d4 e6
6.Bf1c4 h6
7.O-O c6
8.a4 Ng8f6
9.Nf3e5 Nb8d7
10.Qd1e2 Nd7b6
11.Bc1e3 Nb6xc4
12.Qe2xc4 Bc8d7
13.f3 Nf6d5
14.Nc3xd5 cxd5
15.Qc4b3 Ra8b8
16.Be3f4 Rb8c8
17.c3 Bd7c6
18.Ne5xc6 bxc6
19.Qb3b7 a5
20.b4 axb4
21.cxb4 Bf8e7
22.a5 O-O
23.a6 Be7d6
24.Bf4xd6 Qd8xd6
25.a7 Rc8a8
26.Ra1a6 Qd6f4
27.Rf1d1 Qf4e3
28.Kh1 Qe3e2
29.Ra6a1 Qe2b5
30.Qb7xb5 cxb5
31.Rd1c1 { resign }
1-0

[Event "Tourn. n9641"]
[Site "www.chess-mail.com"]
[Date "2017.12.23"]
[Round "1"]
[White "Aniruddhadg"]
[Black "Awfen"]
[WhiteElo "1809"]
[BlackElo "2060"]
[Result "1-0"]
[Round "1"]
1.c4 Nb8c6
2.g3 e5
3.Nb1c3 Ng8f6
4.Bf1g2 Bf8c5
5.e3 O-O
6.Ng1e2 d6
7.d4 exd4
8.exd4 Bc5b4
9.O-O a6
10.Nc3d5 Nf6xd5
11.cxd5 Nc6e7
12.Qd1a4 c5
13.dxc6 Qd8b6
14.a3 Ne7xc6
15.d5 Bc8d7
16.dxc6 Bd7xc6
17.Qa4xb4 Qb6c7
18.Bc1e3 Bc6b5
19.Rf1c1 Qc7d7
20.Ne2d4 Bb5d3
21.Rc1d1 Bd3b5
22.Nd4xb5 axb5
23.Rd1xd6 Qd7e8
24.Rd6b6 Ra8a4
25.Qb4xb5 { resign }
1-0

[Event "Tourn. n9534"]
[Site "www.chess-mail.com"]
[Date "2017.12.23"]
[Round "1"]
[White "Goofy"]
[Black "Norlavuaram"]
[WhiteElo "2300"]
[BlackElo "2070"]
[Result "1-0"]
[Round "1"]
1.e4 e5
2.Ng1f3 Nb8c6
3.Bf1c4 Bf8e7
4.d4 d6
5.d5 Nc6b8
6.Bc4d3 Ng8f6
7.c4 Nb8d7
8.Nb1c3 O-O
9.h3 Nf6e8
10.O-O Nd7c5
11.Bd3c2 f5
12.b4 Nc5xe4
13.Nc3xe4 fxe4
14.Bc2xe4 Ne8f6
15.Be4c2 Bc8d7
16.Rf1e1 Qd8e8
17.Nf3g5 c6
18.Ng5e6 Bd7xe6
19.dxe6 Qe8c8
20.Bc2f5 g6
21.Bf5g4 Nf6xg4
22.Qd1xg4 Rf8f6
23.c5 Qc8xe6
24.Bc1g5 Qe6xg4
25.hxg4 Rf6f7
26.Bg5xe7 Rf7xe7
27.cxd6 Re7d7
28.Re1xe5 Rd7xd6
29.Re5e7 Ra8b8
30.Ra1e1  { time }
1-0

[Event "Tourn. n9665"]
[Site "www.chess-mail.com"]
[Date "2017.12.23"]
[Round "1"]
[White "Szustan"]
[Black "Pangloss"]
[WhiteElo "2560"]
[BlackElo "2340"]
[Result "1-0"]
[Round "1"]
1.e4 e5
2.Ng1f3 Nb8c6
3.Nb1c3 Ng8f6
4.d4 exd4
5.Nc3d5 Nc6b4
6.Nd5xf6 Qd8xf6
7.Bf1c4 d5
8.exd5 Bc8e6
9.dxe6 { resign }
1-0

[Event "Tourn. n9600"]
[Site "www.chess-mail.com"]
[Date "2017.12.23"]
[Round "1"]
[White "Tartan"]
[Black "Apdash"]
[WhiteElo "2580"]
[BlackElo "2260"]
[Result "1-0"]
[Round "1"]
1.e4 e5
2.Ng1f3 Nb8c6
3.Bf1b5 Ng8e7
4.c3 a6
5.Bb5a4 g6
6.d4 exd4
7.cxd4 Bf8g7
8.O-O O-O
9.Nb1c3 b5
10.Ba4b3 Nc6a5
11.Bb3c2 d6
12.h3 Na5c4
13.a4 b4
14.Nc3e2 d5
15.e5 Bc8f5
16.Bc2xf5 Ne7xf5
17.b3 Nc4b6
18.Bc1f4 a5
19.Ra1c1 Ra8c8
20.Rc1c5 Rc8a8
21.Qd1c2 Ra8a7
22.Rf1c1 Nb6a8
23.Rc5c6 Nf5e7
24.Bf4g5 h6
25.Bg5xe7 Qd8xe7
26.e6 f5
27.Ne2f4 Qe7e8
28.Qc2c5 Ra7b7
29.e7 Rf8f6
30.Rc6xf6 Bg7xf6
31.Qc5xd5 Kh7
32.Qd5xb7 g5
33.Nf4d5 Bf6g7
34.Qb7c6 { resign }
1-0

[Event "Match"]
[Site "www.echecsemail.com"]
[Date "2017.12.23"]
[Round "1"]
[White "Gidi5"]
[Black "Witpar"]
[WhiteElo "2310"]
[BlackElo "2720"]
[Result "0-1"]
[Round "1"]
1.e4 c5
2.Ng1f3 e6
3.d4 cxd4
4.Nf3xd4 Ng8f6
5.Nb1c3 Nb8c6
6.Nd4xc6 bxc6
7.e5 Nf6d5
8.Nc3xd5 cxd5
9.Bf1d3 Qd8c7
10.Qd1e2 Bf8b4
11.Kf1 Ra8b8
12.a3 Bb4c5
13.Qe2g4 Qc7xe5
14.c3 Qe5f6
15.Qg4g3 e5
16.Bc1g5 Qf6e6
17.Ra1e1 f6
18.Bg5e3 Bc5xe3
19.Re1xe3 O-O
20.h4 Rb8xb2
21.h5 e4
22.Re3e1 Qe6e5
23.Qg3xe5 fxe5
{ resign }
0-1

[Event "Tourn. n9615"]
[Site "www.chess-mail.com"]
[Date "2017.12.24"]
[Round "1"]
[White "Ejner"]
[Black "Gearoidmac"]
[WhiteElo "2400"]
[BlackElo "2340"]
[Result "1/2-1/2"]
[Round "1"]
1.d4 Ng8f6
2.Bc1g5 d5
3.Bg5xf6 exf6
4.e3 c6
5.g3 Nb8d7
6.Bf1g2 f5
7.Ng1e2 Nd7f6
8.Ne2f4 Bf8d6
9.Nb1d2 O-O
10.O-O Nf6e4
11.c3 Bc8e6
12.Nf4xe6 fxe6
13.Nd2xe4 fxe4
14.f4 exf3
15.Bg2xf3 Qd8g5
16.Qd1e2 { draw }
1/2-1/2

[Event "Tourn. n9640"]
[Site "www.chess-mail.com"]
[Date "2017.12.24"]
[Round "1"]
[White "Karousek"]
[Black "Fantomas"]
[WhiteElo "2170"]
[BlackElo "2230"]
[Result "1-0"]
[Round "1"]
1.e4 e5
2.Ng1f3 Nb8c6
3.Bf1b5 Ng8f6
4.Qd1e2 d6
5.d4 exd4
6.e5 Nf6d5
7.Nf3xd4 Nd5e7
8.Nb1c3 Bc8d7
9.e6 fxe6
10.Nd4xe6 Bd7xe6
11.Qe2xe6 Qd8d7
12.Bb5xc6 Qd7xc6
13.O-O d5
14.Qe6h3 Qc6d7
15.Qh3h5 g6
16.Qh5e5 Rh8g8
17.Bc1g5 c6
18.Rf1e1 Qd7f5
19.Qe5e3 d4
20.Qe3xd4 Qf5xg5
21.Nc3e4 Qg5a5
22.Ra1d1 Ra8d8
23.Ne4d6 Rd8xd6
24.Qd4xd6 Qa5g5
25.Qd6d7 Kf7
26.Qd7e6 Kg7
27.Rd1d7 Kh8
28.g3 Ne7f5
29.Qe6f7 Qg5h6
30.Rd7xb7 Qh6g7
31.Rb7xa7 Nf5d4
32.Re1e8 Qg7xf7
33.Ra7xf7 Bf8c5
34.Re8xg8 Kxg8
35.Rf7c7 { resign }
1-0

[Event "Tourn. n9633"]
[Site "www.chess-mail.com"]
[Date "2017.12.24"]
[Round "1"]
[White "Begory"]
[Black "Madz123456"]
[WhiteElo "1500"]
[BlackElo "1690"]
[Result "0-1"]
[Round "1"]
1.d4 Ng8f6
2.Bc1f4 e6
3.Nb1c3 Bf8b4
4.a3 Bb4xc3
5.bxc3 d5
6.e3 c5
7.Ng1f3 Qd8a5
8.Qd1d2 Nf6e4
9.Qd2d3 c4
10.Qd3d1 Qa5xc3
11.Ke2 Nb8c6
12.Ra1b1 Qc3a5
13.Qd1e1 Ne4c3
{ resign }
0-1

[Event "Tourn. n9639"]
[Site "www.chess-mail.com"]
[Date "2017.12.24"]
[Round "1"]
[White "Passaroa25"]
[Black "Rosario"]
[WhiteElo "1680"]
[BlackElo "1499"]
[Result "1-0"]
[Round "1"]
1.Nb1c3 c6
2.Ng1f3 f6
3.d4 d5
4.Bc1d2 a6
5.e3 Ng8h6
6.Bf1e2 g6
7.O-O Bf8g7
{ time. }
1-0

[Event "Tourn. n9612"]
[Site "www.chess-mail.com"]
[Date "2017.12.24"]
[Round "1"]
[White "Attatroll"]
[Black "Esperanza"]
[WhiteElo "2010"]
[BlackElo "1940"]
[Result "0-1"]
[Round "1"]
1.e4 c5
2.Nb1c3 Nb8c6
3.g4 d6
4.Bf1g2 e6
5.h3 h6
6.d3 Ng8f6
7.Ng1f3 Bf8e7
8.O-O O-O
9.Bc1e3 a6
10.a3 Qd8c7
11.Qd1d2 d5
12.Be3f4 Be7d6
13.Bf4xd6 Qc7xd6
14.Ra1e1 d4
15.Nc3a4 e5
16.Nf3h4 Nc6e7
17.Nh4f5 Bc8xf5
18.exf5 Ne7d5
19.Bg2xd5 Nf6xd5
20.Qd2a5 b5
21.Na4xc5 Qd6xc5
22.Re1xe5 Qc5d6
23.Rf1e1 Nd5e3
24.Re5e4 Ne3xc2
25.Re1e2 Rf8c8
26.a4 Nc2b4
27.axb5 Nb4xd3
28.bxa6 Ra8xa6
29.Qa5d2 Ra6a1
30.Kg2 Nd3c5
31.Re4xd4 Qd6c6
32.Kh2 Qc6h1
33.Kg3 Ra1g1
34.Kf4 Qh1h2
35.Kf3 Qh2xh3
36.Kf4 Qh3xg4
37.Ke5 Rc8e8
38.Kd6 Qg4xe2
39.Kxc5 Qe2xd2
{ resign }
0-1

[Event "Match"]
[Site "www.echecsemail.com"]
[Date "2017.12.24"]
[Round "1"]
[White "Splinter"]
[Black "Iko"]
[WhiteElo "1499"]
[BlackElo "1620"]
[Result "0-1"]
[Round "1"]
1.d4 d5
2.c4 dxc4
3.Nb1c3 Nb8c6
4.Ng1f3 Bc8g4
5.e3 e5
6.Bf1e2 Bg4xf3
7.Be2xf3 exd4
8.Bf3xc6 bxc6
 { time }
0-1

[Event "1/4 Finale"]
[Site "www.chess-mail.com"]
[Date "2017.12.24"]
[Round "1"]
[White "Conde7"]
[Black "Jose"]
[WhiteElo "2890"]
[BlackElo "2810"]
[Result "1/2-1/2"]
[Round "1"]
1.e4 c5
2.Ng1f3 d6
3.d4 cxd4
4.Nf3xd4 Ng8f6
5.Nb1c3 g6
6.Bc1e3 Bf8g7
7.f3 O-O
8.Qd1d2 Nb8c6
9.O-O-O d5
10.Qd2e1 e5
11.Nd4xc6 bxc6
12.exd5 cxd5
13.Be3g5 Bc8e6
14.Bf1c4 Qd8c7
15.Bg5xf6 dxc4
16.Bf6xg7 Kxg7
17.Nc3d5 Be6xd5
18.Rd1xd5 Rf8e8
19.Qe1c3 Kg8
20.b4 e4
21.fxe4 Qc7f4
22.Kb2 Qf4xe4
23.Rh1d1 Qe4xg2
24.Rd1d2 Qg2e4
25.a4 f5
26.Rd5d7 Re8e7
27.Rd2d4 Qe4e6
28.Rd7xe7 Qe6xe7
29.Qc3xc4 Qe7f7
30.Qc4c6 Ra8e8
31.Rd4d7 Re8e7
32.Qc6c8 Kg7
33.Qc8c3 Kg8
34.Rd7xe7 Qf7xe7
35.a5 Qe7b7
36.Kb3 a6
37.Qc3d4 Kf7
38.c4 Ke6
39.Qd4e3 Kf7
40.Qe3d2 Qb7f3
41.Kc2 Qf3a3
42.Qd2d7 Kg8
43.Qd7d8 Kf7
44.Qd8d7 { draw }
1/2-1/2